Meeting the Orthodox Churches (Record no. 298)

MARC details
000 -LEADER
fixed length control field 00624nam a2200253 a 4500
020 ## - INTERNATIONAL STANDARD BOOK NUMBER
ISBN
082 00 - DEWEY DECIMAL CLASSIFICATION NUMBER
Classification number 270
Author Cutter WAD
100 ## - MAIN ENTRY--AUTHOR NAME
Author name Waddams, Herbert
245 ## - TITLE STATEMENT
Title Meeting the Orthodox Churches
260 ## - PUBLICATION, DISTRIBUTION, ETC. (IMPRINT)
Place of publication Westminster
Name of publisher C M C
Year of publication 1964
300 ## - PHYSICAL DESCRIPTION
Number of Pages 127p
500 ## - GENERAL NOTE
General note includes index and biblioraphy
505 2# - FORMATTED CONTENTS NOTE
Formatted contents note part 1 age of the caliphs
650 ## - SUBJECT ADDED ENTRY--TOPICAL TERM
Topical Term Church-History Eastern
650 ## - SUBJECT ADDED ENTRY--TOPICAL TERM
Topical Term Orthodox-Church
942 ## - ADDED ENTRY ELEMENTS (KOHA)
Koha item type Books
700 1# -
-- Waddams, Herbert
Holdings
Collection code Home library Current library Date acquired Cost, normal purchase price Full call number Accession Number Koha item type
  Henry Martyn Institute Library Henry Martyn Institute Library 07/17/2007 100.00 270 WAD 02693 Books
                   Copyright © 2026 | Henry Martyn Institute | Hyderabad | TS-500052 | INDIA | Implemented by hmi.edu.in
Hit-Count:

Powered by Koha